Chemical process industries (Record no. 3899)

000 -LEADER
fixed length control field 00616nam a22002171 4500
001 - CONTROL NUMBER
control field 3899
003 - CONTROL NUMBER IDENTIFIER
control field BD-DhUET
008 - FIXED-LENGTH DATA ELEMENTS--GENERAL INFORMATION
fixed length control field 731212s1967 nyua b 000 0 eng
040 ## - CATALOGING SOURCE
Original cataloging agency DLC
Transcribing agency DLC
Modifying agency BD-DhUET
082 00 - DEWEY DECIMAL CLASSIFICATION NUMBER
Classification number 660.284
Item number SHR/1967
100 ## - MAIN ENTRY--PERSONAL NAME
Personal name Shreve, Randolph Norris
245 10 - TITLE STATEMENT
Title Chemical process industries
Statement of responsibility, etc. by R. Norris Shreve.
250 ## - EDITION STATEMENT
Edition statement 3rd ed.
260 ## - PUBLICATION, DISTRIBUTION, ETC. (IMPRINT)
Place of publication, distribution, etc. New York
Name of publisher, distributor, etc. McGraw-Hill
Date of publication, distribution, etc. 1967.
300 ## - PHYSICAL DESCRIPTION
Extent xii, 905 p.
Other physical details ill.
Dimensions 24 cm.
490 0# - SERIES STATEMENT
Series statement McGraw-Hill chemical engineering series
504 ## - BIBLIOGRAPHY, ETC. NOTE
Bibliography, etc Includes bibliographies
650 #0 - SUBJECT ADDED ENTRY--TOPICAL TERM
Topical term or geographic name as entry element Chemical industries
650 #0 - SUBJECT ADDED ENTRY--TOPICAL TERM
Topical term or geographic name as entry element Chemical process
942 ## - ADDED ENTRY ELEMENTS (KOHA)
Koha item type General Book
Holdings
Not for loan Price effective from Date acquired Koha issues (times borrowed) Damaged status Withdrawn status Sublocation or collection (holding branch) Koha item type Koha date last borrowed Koha normalized classification for sorting Copy number Koha date last seen Piece designation (barcode) Source of classification or shelving scheme Lost status Koha full call number Shelving location Location (home branch)
 2014-11-082014-11-0812  Central Library, BUETGeneral Book2018-12-09660_000000000000000_284SHR196712018-12-0916350  660.284/SHR/1967Circulation sectionCentral Library, BUET
 2014-11-082014-11-081  Central Library, BUETGeneral Book2015-12-23660_000000000000000_284SHR196722016-02-2724440  660.284/SHR/1967Circulation sectionCentral Library, BUET
 2015-02-242015-02-242  Central Library, BUETGeneral Book2018-03-31660_284000000000000_SHR_196732018-08-0116349  660.284/SHR/1967Circulation sectionCentral Library, BUET
 2015-06-182015-06-18   Central Library, BUETReading Item 660_284000000000000_SHR_196742015-06-1811224  660.284/SHR/1967Reading sectionCentral Library, BUET